000 00331 a2200157 4500
001 74809
020 _a9788581930732
040 _cAnchieta - Colégio São Paulo
100 _aDias, Elaine
240 1 0 _aAlmeida Júnior
_lpor
245 1 0 _aAlmeida Júnior
300 _a93
362 0 _a2013
650 4 _aPintura
942 _cBK
999 _c74809
_d74809